000
00304nam a22001337a 4500
008
170821b xxu||||| |||| 00| 0 eng d
020
_a
0024215805
041
_a
eng
080
_a
51
100
_a
37
101
_a
MAT
245
_a
A UNIFIED INTRODUCTION TO LINEAR ALGEBRA
_c
TUCKER,A
942
_2
udc
_c
BK
999
_c
24421
_d
24421